| 000 | 00563nam a2200157 i 4500 | ||
|---|---|---|---|
| 001 | 161971 | ||
| 003 | ES-MaACL | ||
| 005 | 20230906212409.0 | ||
| 008 | 041025s1891 sp |||| | spa d | ||
| 100 | 1 |
_aPerruca Díaz, Mariano. _9131051 |
|
| 245 | 1 | 0 |
_aHistoria de Molina y de su noble y muy leal Señorío / _cpor Mariano Perruca Diaz. |
| 260 |
_aTeruel : _b[s.n.], _c1891 ( _fImp. de La Concordia, a cargo de Marín Hermanos) |
||
| 300 |
_a166, [2] p. ; _c22 cm. |
||
| 651 | 4 |
_aMolina de Aragón- _xHistoria. _9137259 |
|
| 852 |
_aES-MaACL _jF-3468 _z-- Enc. hol. |
||
| 999 |
_c161971 _d161971 |
||